[Event "4NCL Division Two"]
[Site "Daventry, ENG"]
[Date "2023.01.14"]
[Round "3.11"]
[White "Davies, Nigel R"]
[Black "Jackson, James P"]
[Result "1/2-1/2"]
[WhiteElo "2398"]
[BlackElo "2400"]
[PlyCount "51"]
[EventDate "2023.01.14"]
[WhiteTeam "The ADs"]
[BlackTeam "The Rookies"]

1. d4 Nf6 2. Nf3 g6 3. Bg5 Bg7 4. Nbd2 O-O 5. c3 h6 6. Bh4 d6 7. e3 c5 8. dxc5
dxc5 9. Be2 Nc6 10. O-O Be6 11. Qc2 Qc8 12. Rfd1 b6 13. Ne1 Qb7 14. Bg3 Bf5 15.
e4 Bg4 16. f3 Be6 17. Bc4 Bxc4 18. Nxc4 Nh5 19. Bf2 b5 20. Ne3 c4 21. Ng4 e6
22. Bc5 Rfd8 23. Rxd8+ Rxd8 24. Rd1 Rd7 25. Be3 Kh7 26. Nf2 1/2-1/2

[Event "4NCL Division Two"]
[Site "Daventry, ENG"]
[Date "2023.01.14"]
[Round "3.12"]
[White "Okhai, Shabir"]
[Black "Richardson, John R"]
[Result "0-1"]
[WhiteElo "2149"]
[BlackElo "2268"]
[PlyCount "148"]
[EventDate "2023.01.14"]
[WhiteTeam "The Rookies"]
[BlackTeam "The ADs"]

1. e4 c6 2. d4 d5 3. e5 Bf5 4. Nd2 e6 5. Nb3 Nd7 6. Nf3 Ne7 7. Be2 Nc8 8. O-O
Be7 9. Ne1 O-O 10. f4 c5 11. dxc5 Nxc5 12. Be3 Nxb3 13. axb3 Qc7 14. Bd3 Bc5
15. Bxc5 Qxc5+ 16. Rf2 Ne7 17. g4 Bxd3 18. Nxd3 Qb6 19. c3 f6 20. exf6 Rxf6 21.
Kg2 Ng6 22. Qe2 Qxb3 23. g5 Rf7 24. Qxe6 Qc4 25. Rd1 Qe4+ 26. Qxe4 dxe4 27. f5
Nh4+ 28. Kh3 Nxf5 29. Ne5 Ne3 30. Rxf7 Nxd1 31. Rxb7 Re8 32. g6 hxg6 33. Nxg6
e3 34. Nf4 e2 35. Ng2 e1=Q 36. Nxe1 Rxe1 37. Rxa7 Nxb2 38. Rb7 Nc4 39. Rb3 Re2
40. Rb7 Re3+ 41. Kh4 Rxc3 42. Ra7 Ne5 43. Ra5 Ng6+ 44. Kg4 Kh7 45. Rh5+ Kg8 46.
Ra5 Rc4+ 47. Kg3 Kf7 48. Ra6 Nf4 49. Ra7+ Kf6 50. Ra6+ Ne6 51. Rb6 Kf5 52. Rb3
Rg4+ 53. Kf2 Nc5 54. Ra3 Rb4 55. Ra7 Rb2+ 56. Kf3 Rb3+ 57. Kg2 Ne6 58. Kf2 g5
59. h4 gxh4 60. Ra2 Kg4 61. Kg2 Nf4+ 62. Kh2 Re3 63. Ra4 Re2+ 64. Kh1 Rd2 65.
Re4 Kf3 66. Re5 Ne2 67. Kh2 Kg4 68. Re4+ Kf3 69. Rb4 Nf4+ 70. Kh1 Kg3 71. Rb3+
Nd3 72. Rb1 Nf2+ 73. Kg1 h3 74. Rf1 h2# 0-1

[Event "4NCL Division Two"]
[Site "Daventry, ENG"]
[Date "2023.01.14"]
[Round "3.13"]
[White "Bradbury, Neil H"]
[Black "Byron, Alan M"]
[Result "1/2-1/2"]
[WhiteElo "2201"]
[BlackElo "2175"]
[PlyCount "106"]
[EventDate "2023.01.14"]
[WhiteTeam "The ADs"]
[BlackTeam "The Rookies"]

1. d4 Nf6 2. Nf3 g6 3. g3 Bg7 4. Bg2 O-O 5. c4 d6 6. O-O Nc6 7. Nc3 Rb8 8. h3
a6 9. e3 Bd7 10. Bd2 e5 11. Rc1 Ne8 12. d5 Ne7 13. e4 f5 14. b4 Nf6 15. exf5
gxf5 16. Qb3 Ng6 17. c5 f4 18. Ng5 Kh8 19. cxd6 cxd6 20. Ne6 Bxe6 21. dxe6 Qe7
22. Ne4 Nxe4 23. Bxe4 Rf6 24. Bd5 Bh6 25. Rc2 Nf8 26. gxf4 Nxe6 27. fxe5 dxe5
28. Bxe6 Bxd2 29. Rxd2 Rxe6 30. Rfd1 Rg8+ 31. Kf1 Rf6 32. Qe3 Rgf8 33. a3 Rf3
34. Qh6 Qf7 35. Qh4 Qf5 36. Re1 Rxh3 37. Qe4 Rh5 38. Qxf5 Rhxf5 39. Ree2 Kg7
40. Rd7+ R8f7 41. Rd5 Re7 42. Kg2 Rg5+ 43. Kf1 Kf6 44. Re3 e4 45. Rd4 Rge5 46.
Ke2 h5 47. Rh3 Kg5 48. Rg3+ Kf5 49. Rh3 Kg4 50. Rg3+ Kf4 51. Rf3+ Kg5 52. Rg3+
Kf5 53. Rh3 Kg4 1/2-1/2

[Event "4NCL Division Two"]
[Site "Daventry, ENG"]
[Date "2023.01.14"]
[Round "3.14"]
[White "Agnew, Alan"]
[Black "Snape, Ian L"]
[Result "1/2-1/2"]
[WhiteElo "2161"]
[BlackElo "2143"]
[PlyCount "90"]
[EventDate "2023.01.14"]
[WhiteTeam "The Rookies"]
[BlackTeam "The ADs"]

1. d4 c5 2. d5 g6 3. e4 d6 4. c4 Nf6 5. Nc3 Bg7 6. Bd3 O-O 7. h3 e6 8. Nge2
exd5 9. cxd5 Re8 10. Ng3 Nbd7 11. O-O a6 12. a4 Qc7 13. Be3 h5 14. Re1 Rb8 15.
Qe2 Nf8 16. Nf1 N8h7 17. Nd2 g5 18. e5 Rxe5 19. Bxh7+ Nxh7 20. Nc4 Rf5 21. Bd2
h4 22. Qe7 Bd7 23. Qxd6 Qxd6 24. Nxd6 Bxc3 25. Bxc3 Rxd5 26. Red1 Rxd1+ 27.
Rxd1 Bxa4 28. Re1 b6 29. Re7 Bb3 30. Nf5 Be6 31. Be5 Rd8 32. Nd6 Nf8 33. Ra7
Nd7 34. Bc3 a5 35. Ne4 g4 36. hxg4 Bxg4 37. Rb7 h3 38. gxh3 Bxh3 39. Nf6+ Nxf6
40. Bxf6 Rd1+ 41. Kh2 Be6 42. Rxb6 {(=)} Rd5 43. Bc3 a4 44. Ra6 Rf5 45. Kg3 Bd7
1/2-1/2

[Event "4NCL Division Two"]
[Site "Daventry, ENG"]
[Date "2023.01.14"]
[Round "3.15"]
[White "Ahluwalia, Amardip"]
[Black "Burrows, Martin P"]
[Result "0-1"]
[WhiteElo "2192"]
[BlackElo "2179"]
[PlyCount "102"]
[EventDate "2023.01.14"]
[WhiteTeam "The ADs"]
[BlackTeam "The Rookies"]

1. c4 Nf6 2. g3 e6 3. Bg2 d5 4. Nf3 Be7 5. O-O O-O 6. b3 b6 7. d3 Bb7 8. Bb2 c5
9. cxd5 Nxd5 10. Nc3 Bf6 11. Qd2 Nxc3 12. Bxc3 Bxc3 13. Qxc3 Nd7 14. Rfd1 Qe7
15. a3 Nf6 16. Rac1 Rac8 17. Qb2 Nd5 18. e4 Nf6 19. e5 Nd7 20. d4 Rfd8 21. b4
Bd5 22. Re1 a6 23. h4 h6 24. Nd2 c4 25. Bxd5 exd5 26. Nb1 f6 27. f4 fxe5 28.
dxe5 Nf8 29. Qd4 Qe6 30. Rf1 Qg4 31. Kh2 b5 32. Qd2 d4 33. f5 c3 34. Qd3 g5 35.
e6 Re8 36. Qf3 Qxf3 37. Rxf3 Nh7 38. Rd3 Rc4 39. Nxc3 dxc3 40. Rcxc3 Rec8 41.
Rxc4 bxc4 42. Rc3 Nf6 43. hxg5 hxg5 44. Kg1 Kf8 45. Rc1 Ke7 46. Kf2 Kd6 47. Kf3
Ke5 48. g4 Kd4 49. a4 c3 50. b5 axb5 51. axb5 Rb8 0-1

[Event "4NCL Division Two"]
[Site "Daventry, ENG"]
[Date "2023.01.14"]
[Round "3.16"]
[White "Jones, Christopher M"]
[Black "Smith, Lynda"]
[Result "1-0"]
[WhiteElo "2130"]
[BlackElo "1820"]
[PlyCount "71"]
[EventDate "2023.01.14"]
[WhiteTeam "The Rookies"]
[BlackTeam "The ADs"]

1. e4 c5 2. Nc3 e6 3. Nf3 d5 4. exd5 exd5 5. d4 Nf6 6. Bb5+ Bd7 7. Bxd7+ Nbxd7
8. O-O Be7 9. dxc5 Nxc5 10. Nd4 O-O 11. Nf5 Re8 12. Bg5 Nce4 13. Nxe7+ Rxe7 14.
Nxe4 dxe4 15. Bxf6 Qxd1 16. Raxd1 gxf6 17. Rd6 Kg7 18. Rfd1 Rc8 19. c3 Rcc7 20.
Kf1 Rc5 21. Rd7 Rc7 22. Rxc7 Rxc7 23. Ke2 Rc6 24. Ke3 Rb6 25. b3 f5 26. Kf4 Kg6
27. c4 a5 28. Rd4 Rb4 29. Rd6+ f6 30. Rd5 a4 31. Rb5 Rxb5 32. cxb5 axb3 33.
axb3 b6 34. b4 h6 35. h3 e3 36. fxe3 1-0

[Event "4NCL Division Two"]
[Site "Daventry, ENG"]
[Date "2023.01.14"]
[Round "3.17"]
[White "Smith, Chris P"]
[Black "Jaszkiwskyj, Peter"]
[Result "0-1"]
[WhiteElo "1488"]
[BlackElo "1872"]
[PlyCount "74"]
[EventDate "2023.01.14"]
[WhiteTeam "The ADs"]
[BlackTeam "The Rookies"]

1. d4 d5 2. c4 e6 3. Nc3 Be7 4. Nf3 Nf6 5. Bg5 Nbd7 6. e3 O-O 7. Bd3 c6 8. O-O
dxc4 9. Bxc4 b5 10. Bd3 Bb7 11. Qc2 h6 12. Bxf6 Nxf6 13. Ne4 Nd7 14. Rfd1 Qb6
15. Rac1 Rad8 16. Nc5 Nxc5 17. dxc5 Qc7 18. b4 Bc8 19. Qc3 Bf6 20. Qc2 e5 21.
Bf5 Bxf5 22. Qxf5 Rfe8 23. Nd2 Qd7 24. Qxd7 Rxd7 25. Ne4 Red8 26. Rd6 Be7 27.
Rxd7 Rxd7 28. Kf1 {(=)} f5 29. Nc3 a5 30. a3 Kf7 31. Ke2 axb4 32. axb4 Ra7 33.
Rd1 Ra3 34. Kd2 e4 35. Kc2 Bf6 36. Nxb5 cxb5 37. c6 Rc3+ 0-1

[Event "4NCL Division Two"]
[Site "Daventry, ENG"]
[Date "2023.01.14"]
[Round "3.18"]
[White "Pyun, Lindsay"]
[Black "Ahluwalia, Balvinder"]
[Result "1-0"]
[WhiteElo "1795"]
[BlackElo "1162"]
[PlyCount "39"]
[EventDate "2023.01.14"]
[WhiteTeam "The Rookies"]
[BlackTeam "The ADs"]

1. e4 e5 2. Nf3 Nc6 3. Bc4 Nf6 4. d3 Bb4+ 5. c3 Ba5 6. a4 a6 7. O-O O-O 8. Bg5
d6 9. Nbd2 Bg4 10. Re1 Bb6 11. Nf1 Na5 12. Ba2 Be6 13. Ng3 Bxa2 14. Rxa2 Qe7
15. Nh5 Qe6 16. Nxf6+ gxf6 17. Bh6 Rfe8 18. Nh4 Qxa2 19. Qg4+ Kh8 20. Qg7# 1-0

[Event "4NCL Division Two"]
[Site "Daventry, ENG"]
[Date "2023.01.14"]
[Round "3.21"]
[White "Cherniaev, Alexander"]
[Black "Bremner, Adam"]
[Result "1-0"]
[WhiteElo "2374"]
[BlackElo "2155"]
[PlyCount "67"]
[EventDate "2023.01.14"]
[WhiteTeam "Barnet Knights A"]
[BlackTeam "The Sharks 2"]

1. c4 Nf6 2. g3 g6 3. Bg2 Bg7 4. Nc3 O-O 5. d4 c5 6. e3 Na6 7. Nge2 Rb8 8. O-O
d6 9. b3 cxd4 10. exd4 Nc7 11. d5 Bd7 12. a4 a5 13. h3 Na6 14. Be3 Nc5 15. Nd4
e5 16. dxe6 fxe6 17. Ra2 Ne8 18. Rd2 Qe7 19. Re1 Kh8 20. Ndb5 Bc6 21. Nd5 Bxd5
22. cxd5 e5 23. Bxc5 dxc5 24. d6 Qd7 25. Qc2 b6 26. h4 Nf6 27. Rxe5 Rbe8 28.
Rxe8 Rxe8 29. Re2 Bf8 30. Rxe8 Nxe8 31. Qc3+ Bg7 32. Qf3 Qe6 33. Qa8 Qe1+ 34.
Kh2 1-0

[Event "4NCL Division Two"]
[Site "Daventry, ENG"]
[Date "2023.01.14"]
[Round "3.22"]
[White "Purton, Ben J"]
[Black "Rocco, Federico"]
[Result "1/2-1/2"]
[WhiteElo "2138"]
[BlackElo "2192"]
[PlyCount "95"]
[EventDate "2023.01.14"]
[WhiteTeam "The Sharks 2"]
[BlackTeam "Barnet Knights A"]

1. e4 c5 2. Nf3 d6 3. Bb5+ Nd7 4. O-O Ngf6 5. Nc3 a6 6. Bxd7+ Bxd7 7. e5 dxe5
8. Nxe5 e6 9. Qf3 Bd6 10. Nxd7 Qxd7 11. d3 O-O 12. Ne4 Be7 13. Be3 Rac8 14.
Rfd1 Rfd8 15. c4 Nxe4 16. dxe4 Qc6 17. b3 Bf6 18. Rxd8+ Rxd8 19. Rd1 Bd4 20. g4
Rd7 21. Kg2 e5 22. Bc1 b5 23. Qe2 Qe6 24. f3 Rb7 25. Ba3 g6 26. Qc2 Kg7 27. Rf1
Qc6 28. Rc1 b4 29. Bb2 Rd7 30. Rd1 Bxb2 31. Rxd7 Qxd7 32. Qxb2 Qd4 33. Qc2 Kf6
34. h4 Ke6 35. Kf1 h5 36. gxh5 gxh5 37. Kg2 f6 38. Kf1 a5 39. Kg2 Kd7 40. Qf2
f5 41. Qg3 fxe4 42. Qg7+ Kc8 43. Qg8+ Kc7 44. Qg7+ Kc8 45. Qg8+ Kc7 46. Qg7+
Kc8 47. Qg8+ Kc7 48. Qg7+ 1/2-1/2

[Event "4NCL Division Two"]
[Site "Daventry, ENG"]
[Date "2023.01.14"]
[Round "3.23"]
[White "Mirzoeva, Elmira"]
[Black "Birtwistle, Nigel"]
[Result "1/2-1/2"]
[WhiteElo "2261"]
[BlackElo "2157"]
[PlyCount "130"]
[EventDate "2023.01.14"]
[WhiteTeam "Barnet Knights A"]
[BlackTeam "The Sharks 2"]

1. Nf3 g6 2. d4 Bg7 3. b3 c5 4. Bb2 cxd4 5. Nxd4 Nf6 6. g3 Qa5+ 7. Qd2 Qxd2+ 8.
Nxd2 Nc6 9. Bg2 O-O 10. c4 Re8 11. e3 Nxd4 12. Bxd4 d6 13. O-O Nd7 14. b4 Ne5
15. b5 Nd7 16. Nb3 Nb6 17. Na5 Rb8 18. Rac1 Rd8 19. Rfd1 Bg4 20. Rd2 Rd7 21.
Bxg7 Kxg7 22. c5 dxc5 23. Rxd7 Bxd7 24. Rxc5 Na4 25. Rc7 Bxb5 26. Rxe7 Rd8 27.
Bf3 Rd7 28. Rxd7 Bxd7 29. Nxb7 Be6 30. a3 Nc3 31. Bc6 Bh3 32. f3 Nd1 33. e4 h5
34. Nd6 Be6 35. Kf1 Nb2 36. Bb5 Kf6 37. f4 Ke7 38. e5 Nd1 39. Ke1 Ne3 40. Kd2
Ng4 41. h4 f6 42. Nc4 Bxc4 43. Bxc4 fxe5 44. fxe5 Nxe5 45. Bb3 Kf6 46. Ke3 g5
47. hxg5+ Kxg5 48. Kd4 Nf3+ 49. Ke3 Ne5 50. Ke4 Nd7 51. Kd5 Nf6+ 52. Kc6 Ne4
53. Bd5 Nxg3 54. a4 Kf4 55. a5 Ke5 56. a6 h4 57. Bg2 Nf5 58. Kb7 Kd6 59. Kxa7
Kc7 60. Bf1 Ne3 61. Bh3 Nd5 62. Bg2 Nf4 63. Bf1 h3 64. Bxh3 Nxh3 65. Ka8 Nf4
1/2-1/2

[Event "4NCL Division Two"]
[Site "Daventry, ENG"]
[Date "2023.01.14"]
[Round "3.24"]
[White "Murphy, Hugh W"]
[Black "Villiers, Thomas"]
[Result "0-1"]
[WhiteElo "2174"]
[BlackElo "2141"]
[PlyCount "108"]
[EventDate "2023.01.14"]
[WhiteTeam "The Sharks 2"]
[BlackTeam "Barnet Knights A"]

1. d4 Nf6 2. Nf3 e6 3. e3 d5 4. Bd3 Nbd7 5. b3 c6 6. Bb2 Qc7 7. Ne5 Nxe5 8.
dxe5 Nd7 9. f4 Qb6 10. Qf3 Bc5 11. Nc3 Bxe3 12. Rf1 d4 13. Ne4 O-O 14. c3 f5
15. Nd6 dxc3 16. Bxc3 Bd4 17. Bc4 Bxc3+ 18. Qxc3 Nc5 19. O-O-O Qc7 20. Qd4 Qa5
21. Kb1 b6 22. g4 fxg4 23. f5 Bd7 24. f6 Be8 25. Nxe8 Raxe8 26. Qxg4 g6 27. Rd6
Qc3 28. Qf4 Rf7 29. Rc1 Qb4 30. Rcd1 Nb7 31. Rd7 Qf8 32. Qg4 Kh8 33. Qh3 Nc5
34. R7d6 Ne4 35. Rxe6 Rxe6 36. Qxe6 Nc3+ 37. Kc2 Nd5 38. Bxd5 cxd5 39. Rxd5
Rc7+ 40. Kb2 h5 41. Rd7 Qc8 42. Rxc7 Qxe6 43. Re7 Qf5 44. Kc3 g5 45. Kd4 g4 46.
Kd5 h4 47. Kd6 g3 48. hxg3 h3 49. f7 h2 50. e6 h1=Q 51. Re8+ Kh7 52. f8=Q Qc5+
53. Kd7 Qb7+ 54. Kd8 Qcc7# 0-1

[Event "4NCL Division Two"]
[Site "Daventry, ENG"]
[Date "2023.01.14"]
[Round "3.25"]
[White "Stoica, Savas Marin"]
[Black "Varnam, Liam D"]
[Result "1/2-1/2"]
[WhiteElo "2236"]
[BlackElo "2170"]
[PlyCount "124"]
[EventDate "2023.01.14"]
[WhiteTeam "Barnet Knights A"]
[BlackTeam "The Sharks 2"]

1. d4 d5 2. c4 dxc4 3. Nf3 Nf6 4. e3 e6 5. Bxc4 c5 6. O-O a6 7. Bd3 Nc6 8. Nc3
cxd4 9. exd4 Be7 10. Bg5 O-O 11. Rc1 h6 12. Bf4 Nb4 13. Bb1 b6 14. a3 Nbd5 15.
Nxd5 Qxd5 16. Re1 Bb7 17. Qd3 a5 18. Rc3 Bd6 19. Bxd6 Qxd6 20. Ne5 Rfd8 21. Ba2
Nd5 22. Qf3 f6 23. Nc4 Nxc3 24. Qxb7 Qd5 25. Qxd5 exd5 26. bxc3 dxc4 27. Bxc4+
Kf8 28. Be6 Rd6 29. d5 b5 30. Rb1 Rad8 31. Kf1 Rxd5 32. Bxd5 Rxd5 33. Ke2 Ke7
34. a4 bxa4 35. Ra1 Kd6 36. Rxa4 Kc6 37. c4 Rh5 38. h3 Kb6 39. Kd3 Rg5 40. g3
Rf5 41. Ra2 h5 42. Ke4 Re5+ 43. Kd4 Rf5 {(=)} 44. Re2 Re5 45. Rb2+ Kc6 46. f4
Re8 47. Ra2 Ra8 48. Ra4 g6 49. h4 Rd8+ 50. Kc3 Kb6 51. Ra2 Re8 52. Rb2+ Kc6 53.
Rb5 Re3+ 54. Kd4 Rxg3 55. Rxa5 Kb7 56. Kd5 Rd3+ 57. Ke6 Rd4 58. Kxf6 Rxf4+ 59.
Kxg6 Rxh4 60. Rxh5 Rxh5 61. Kxh5 Kc6 62. c5 Kxc5 1/2-1/2

[Event "4NCL Division Two"]
[Site "Daventry, ENG"]
[Date "2023.01.14"]
[Round "3.26"]
[White "Lentzos, Ioanis"]
[Black "Pollack, Oscar"]
[Result "1-0"]
[WhiteElo "2181"]
[BlackElo "2226"]
[PlyCount "67"]
[EventDate "2023.01.14"]
[WhiteTeam "The Sharks 2"]
[BlackTeam "Barnet Knights A"]

1. d4 Nf6 2. c4 g6 3. Nc3 Bg7 4. e4 d6 5. Nf3 O-O 6. Be2 e5 7. Be3 Na6 8. O-O
exd4 9. Nxd4 Re8 10. f3 c6 11. Qd2 d5 12. cxd5 cxd5 13. e5 Rxe5 14. Bxa6 bxa6
15. Nc6 Qe8 16. Nxe5 Qxe5 17. Rad1 Be6 18. Bf4 Qh5 19. g4 Qh3 20. Be5 Ne4 21.
Qd4 f6 22. Nxd5 Ng5 23. Bg3 f5 24. Qe3 Qh6 25. Kh1 fxg4 26. Nc7 Bf5 27. Nxa8
gxf3 28. Rd8+ Bf8 29. Bd6 Qh3 30. Rxf8+ Kg7 31. Rf2 Qg4 32. Nc7 Be4 33. Rf4 Qd7
34. Qd4+ 1-0

[Event "4NCL Division Two"]
[Site "Daventry, ENG"]
[Date "2023.01.14"]
[Round "3.27"]
[White "Thatte, Nishchal"]
[Black "Dilley, Jason M"]
[Result "1/2-1/2"]
[WhiteElo "2123"]
[BlackElo "2096"]
[PlyCount "102"]
[EventDate "2023.01.14"]
[WhiteTeam "Barnet Knights A"]
[BlackTeam "The Sharks 2"]

1. d4 d5 2. Nf3 g6 3. c4 c6 4. Nc3 Nf6 5. cxd5 cxd5 6. Bf4 Bg7 7. e3 O-O 8. Bd3
Nc6 9. h3 b6 10. Rc1 Bb7 11. Ne5 Rc8 12. Nxc6 Rxc6 13. Be5 Ne4 14. Bxe4 dxe4
15. d5 Rc5 16. Bxg7 Kxg7 17. Qd4+ Kg8 18. Rd1 Qc7 19. Qxe4 e6 20. O-O Rd8 21.
Qh4 exd5 22. Rd4 Re8 23. Qh6 Qe5 24. Rfd1 f5 25. h4 Re7 26. Qg5 Qe6 27. Ne2 Kg7
28. Nf4 Qf7 29. h5 Qf6 30. Qg3 Kf7 31. hxg6+ hxg6 32. Nh3 Qe5 33. Ng5+ Ke8 34.
Qh4 Qf6 35. Qg3 Qe5 36. Qh3 Rcc7 37. Nf3 Qf6 38. Qg3 Kd7 39. a3 Qd6 40. Qh4 Kc8
41. Qh8+ Qd8 42. Qf6 Rg7 43. Qe6+ Qd7 44. Ng5 Rc2 45. Qe5 Qe7 46. Ne6 Rh7 47.
Rxd5 Bxd5 48. Qxd5 Rh1+ 49. Kxh1 Qh4+ 50. Kg1 Qxf2+ 51. Kh1 Qh4+ 1/2-1/2

[Event "4NCL Division Two"]
[Site "Daventry, ENG"]
[Date "2023.01.14"]
[Round "3.28"]
[White "Volovich, Julia"]
[Black "Badacsonyi, Frankie"]
[Result "0-1"]
[WhiteElo "2112"]
[BlackElo "2219"]
[PlyCount "126"]
[EventDate "2023.01.14"]
[WhiteTeam "The Sharks 2"]
[BlackTeam "Barnet Knights A"]

1. d4 Nf6 2. c4 e6 3. Nc3 Bb4 4. Qc2 Nc6 5. Nf3 d6 6. Bg5 h6 7. Bxf6 Bxc3+ 8.
Qxc3 Qxf6 9. e3 a5 10. Bd3 e5 11. Be4 exd4 12. Nxd4 Nxd4 13. Qxd4 Qxd4 14. exd4
O-O 15. O-O Rb8 16. Rac1 Be6 17. b3 b6 18. Bc6 Rfd8 19. Rfe1 Kf8 20. Re3 Bd7
21. Bxd7 Rxd7 22. Kf1 Re7 23. Rce1 Rbe8 24. Ke2 f5 25. Kd3 Kf7 26. c5 dxc5 27.
dxc5 b5 28. Rxe7+ Rxe7 29. Rc1 c6 30. g3 Rd7+ 31. Ke3 Ke6 32. h4 Rd5 33. Rc2
Rd1 34. f3 g5 35. hxg5 hxg5 36. Kf2 Rh1 37. Ke3 Re1+ 38. Kf2 Re5 39. f4 gxf4
40. gxf4 Re4 41. Rd2 Rxf4+ 42. Ke3 Re4+ 43. Kf3 Kf6 44. Rd8 Re5 45. Ra8 Rxc5
46. Rxa5 Ke5 47. Ra8 Rc3+ 48. Ke2 b4 49. Ra5+ Ke4 50. a3 c5 51. Kd2 Rxb3 52.
axb4 cxb4 53. Kc2 Rc3+ 54. Kb2 f4 55. Rb5 Rc4 56. Kb3 Rd4 57. Rb8 Ke3 58. Kc2
f3 59. Re8+ Re4 60. Rd8 f2 61. Rd1 Ke2 62. Rd2+ Kf3 63. Rd1 Kg2 0-1

[Event "4NCL Division Two"]
[Site "Daventry, ENG"]
[Date "2023.01.14"]
[Round "3.31"]
[White "Merry, Alan B"]
[Black "Turner, Max N"]
[Result "1-0"]
[WhiteElo "2438"]
[BlackElo "2255"]
[PlyCount "105"]
[EventDate "2023.01.14"]
[WhiteTeam "Barbican 4NCL"]
[BlackTeam "North East England"]

1. d4 d5 2. c4 e6 3. Nf3 Nf6 4. g3 Be7 5. Bg2 O-O 6. O-O dxc4 7. Qc2 a6 8. a4
Bd7 9. Qxc4 Bc6 10. Bf4 Bd6 11. Qc1 Nbd7 12. Re1 Qe7 13. Nc3 Bxf3 14. Bxf3 Bxf4
15. Qxf4 c6 16. a5 Rfe8 17. Bg2 Rad8 18. Red1 Qb4 19. Qc1 e5 20. Qc2 exd4 21.
Ra4 Qe7 22. Raxd4 Nc5 23. e3 h6 24. Bh3 Rxd4 25. Rxd4 Qc7 26. b4 Ne6 27. Bxe6
fxe6 28. Ne4 Nd5 29. Nc5 e5 30. Rd2 Qf7 31. e4 Nf6 32. f3 Kh8 33. Qb3 Qe7 34.
Qd1 Rf8 35. Rd6 Qf7 36. Qb3 Qh5 37. Kg2 Rf7 38. Rd3 Re7 39. Rd8+ Re8 40. Qd3
Qf7 41. Rxe8+ Nxe8 42. Qb3 Qxb3 43. Nxb3 Nd6 44. Nc5 g5 45. Nd7 Nc4 46. Nc5 Nd6
47. f4 Nc4 48. fxg5 hxg5 49. Nxb7 g4 50. Nc5 Nd2 51. Nxa6 Nxe4 52. Nb8 c5 53.
a6 1-0

[Event "4NCL Division Two"]
[Site "Daventry, ENG"]
[Date "2023.01.14"]
[Round "3.32"]
[White "Walker, David J"]
[Black "Taylor, Martin R"]
[Result "1/2-1/2"]
[WhiteElo "2244"]
[BlackElo "2356"]
[PlyCount "151"]
[EventDate "2023.01.14"]
[WhiteTeam "North East England"]
[BlackTeam "Barbican 4NCL"]

1. c4 f5 2. g3 Nf6 3. Bg2 g6 4. d3 d6 5. e4 Nc6 6. Ne2 Bg7 7. O-O O-O 8. Nbc3
e5 9. Nd5 Be6 10. Bg5 Qd7 11. Qd2 Nh5 12. exf5 Bxf5 13. b4 Rae8 14. b5 Nd8 15.
a4 Nf7 16. Be3 c6 17. Nb4 e4 18. d4 Bh3 19. bxc6 bxc6 20. Bxh3 Qxh3 21. Nxc6
Nf6 22. Nf4 Qd7 23. d5 Ng5 24. Nd4 Nf3+ 25. Nxf3 exf3 26. Ra3 Ne4 27. Qd3 Ng5
28. Ne6 Nxe6 29. dxe6 Rxe6 30. Rd1 Re5 31. Qf1 Qc6 32. Bxa7 Re2 33. Bd4 Qxc4
34. Bxg7 Kxg7 35. a5 Qb5 36. Rxf3 Rfe8 37. Kg2 Qxa5 38. Rxd6 Qa8 39. Qd1 R2e7
40. Qd4+ Kg8 41. Qc4+ Kg7 42. Rdf6 Qe4 43. Rf7+ Rxf7 44. Qxf7+ Kh8 45. h4 Qe7
46. Qf4 Qb7 47. Kh2 Qg7 48. Qg5 h5 49. Rf6 Kh7 50. Qf4 Re7 51. Kh3 Ra7 52. Qg5
Rf7 53. Rxf7 Qxf7 54. Qe3 Qb7 55. f3 Qd5 56. g4 hxg4+ 57. fxg4 Qb7 58. g5 Qd7+
59. Kg3 Qf5 60. Qf3 Qe5+ 61. Kg2 Kg7 62. Qb7+ Kg8 63. Qc8+ Kg7 64. Qd7+ Kg8 65.
Kf3 Qc3+ 66. Ke4 Qc4+ 67. Ke5 Qxh4 68. Kf6 Qf4+ 69. Kxg6 Qe4+ 70. Qf5 Qxf5+ 71.
Kxf5 Kf7 72. g6+ Kg7 73. Kg5 Kg8 74. Kf6 Kf8 75. g7+ Kg8 76. Kg6 1/2-1/2

[Event "4NCL Division Two"]
[Site "Daventry, ENG"]
[Date "2023.01.14"]
[Round "3.33"]
[White "Franklin, Samuel G A"]
[Black "Taylor, Adam A"]
[Result "0-1"]
[WhiteElo "2302"]
[BlackElo "2252"]
[PlyCount "82"]
[EventDate "2023.01.14"]
[WhiteTeam "Barbican 4NCL"]
[BlackTeam "North East England"]

1. c4 c5 2. Nc3 Nc6 3. g3 g6 4. Bg2 Bg7 5. e4 e6 6. Nge2 Nge7 7. d3 d6 8. O-O
O-O 9. Rb1 b6 10. a3 Bb7 11. b4 Qd7 12. b5 Nd4 13. Nxd4 cxd4 14. Na2 a6 15.
bxa6 Rxa6 16. Nb4 Ra7 17. Nc2 Qc7 18. Bg5 Nc6 19. Qd2 Nb8 20. Bh6 e5 21. Bxg7
Kxg7 22. f4 f6 23. Rf2 Na6 24. Rbf1 Nc5 25. h4 Qd8 26. h5 gxh5 27. Bh3 Bxe4 28.
dxe4 Nxe4 29. Qd3 Nxf2 30. Rxf2 Kh8 31. Kh2 Rg7 32. Rf3 h4 33. g4 Qe8 34. Rf2
h5 35. gxh5 Qxh5 36. Qf5 Qxf5 37. Bxf5 Rg3 38. a4 Ra8 39. Bd7 d3 40. Nb4 e4 41.
Bc6 e3 0-1

[Event "4NCL Division Two"]
[Site "Daventry, ENG"]
[Date "2023.01.14"]
[Round "3.34"]
[White "Coathup, Roger H"]
[Black "Pigott, John C"]
[Result "0-1"]
[WhiteElo "2179"]
[BlackElo "2358"]
[PlyCount "108"]
[EventDate "2023.01.14"]
[WhiteTeam "North East England"]
[BlackTeam "Barbican 4NCL"]

1. d4 Nf6 2. c4 g6 3. Nc3 Bg7 4. e4 d6 5. Be2 O-O 6. Bg5 c5 7. d5 h6 8. Bf4 e6
9. Nf3 exd5 10. exd5 Bf5 11. O-O Ne4 12. Nxe4 Bxe4 13. Bd3 Qf6 14. Bxe4 Qxf4
15. Qc2 Nd7 16. Rae1 Rfe8 17. h3 Ne5 18. Nxe5 Bxe5 19. g3 Qf6 20. b3 Re7 21.
Kg2 Rae8 22. Bd3 Bd4 23. Rxe7 Rxe7 24. Qd2 Kg7 25. Qf4 Qxf4 26. gxf4 f5 27. Kf3
Kf6 28. h4 h5 29. Rg1 {(=)} Kf7 30. Rb1 Bf6 31. Kg3 Bc3 32. Rc1 Bd2 33. Rc2 Ba5
34. Rc1 Re1 35. Rxe1 Bxe1 36. b4 cxb4 37. Bc2 Ke7 38. Ba4 Bc3 39. Kg2 Bf6 40.
Kh3 Kd8 41. Kg3 a5 42. Bb5 Kc7 43. Kf3 Kb6 44. Ke3 Kc5 45. Kd3 Bxh4 46. Be8
Bxf2 47. Bxg6 h4 48. Bxf5 Bg3 49. Bd7 Bxf4 50. Ke4 Bg3 51. Bb5 h3 52. Kf3 h2
53. Kg2 Be5 54. Kh1 Kd4 0-1

[Event "4NCL Division Two"]
[Site "Daventry, ENG"]
[Date "2023.01.14"]
[Round "3.35"]
[White "Sowray, Peter J"]
[Black "Oswald, Graeme"]
[Result "1/2-1/2"]
[WhiteElo "2248"]
[BlackElo "2167"]
[PlyCount "59"]
[EventDate "2023.01.14"]
[WhiteTeam "Barbican 4NCL"]
[BlackTeam "North East England"]

1. d4 Nf6 2. c4 e6 3. Nc3 Bb4 4. e3 b6 5. Nge2 Ba6 6. a3 Bxc3+ 7. Nxc3 d5 8. b3
O-O 9. Be2 Qd7 10. O-O Nc6 11. a4 Rfd8 12. Ba3 e5 13. Bf3 e4 14. Be2 Na5 15.
Rb1 c6 16. Qc2 Rac8 17. Qa2 Qf5 18. h3 h5 19. Rfc1 dxc4 20. bxc4 c5 21. d5 Nb7
22. Qc2 Nd6 23. Nb5 Bxb5 24. cxb5 Rc7 25. Bb2 h4 26. Qc3 Re8 27. Rf1 Qg5 28.
Rbe1 Rce7 29. Ra1 Rc7 30. Kh2 1/2-1/2

[Event "4NCL Division Two"]
[Site "Daventry, ENG"]
[Date "2023.01.14"]
[Round "3.36"]
[White "Dargan, Paul A G"]
[Black "Navarro Cia, Miguel"]
[Result "1/2-1/2"]
[WhiteElo "2157"]
[BlackElo "2242"]
[PlyCount "28"]
[EventDate "2023.01.14"]
[WhiteTeam "North East England"]
[BlackTeam "Barbican 4NCL"]

1. e4 Nf6 2. e5 Nd5 3. d4 d6 4. Nf3 dxe5 5. Nxe5 c6 6. Be2 g6 7. O-O Bg7 8. c4
Nb6 9. f4 O-O 10. Nc3 Be6 11. b3 N8d7 12. Be3 Nxe5 13. fxe5 f6 14. exf6 exf6
1/2-1/2

[Event "4NCL Division Two"]
[Site "Daventry, ENG"]
[Date "2023.01.14"]
[Round "3.37"]
[White "Pert, Nina"]
[Black "Henderson, David"]
[Result "0-1"]
[WhiteElo "2068"]
[BlackElo "2150"]
[PlyCount "96"]
[EventDate "2023.01.14"]
[WhiteTeam "Barbican 4NCL"]
[BlackTeam "North East England"]

1. e4 e5 2. Nf3 Nc6 3. Bc4 Nf6 4. d4 exd4 5. O-O Nxe4 6. Re1 d5 7. Bxd5 Qxd5 8.
Nc3 Qa5 9. Nxe4 Be6 10. Bd2 Bb4 11. Bxb4 Qxb4 12. a3 Qe7 13. Qd3 O-O-O 14. b4
Rd5 15. Nc5 Rxc5 16. bxc5 Qxc5 17. Rab1 h6 18. Nd2 Rd8 19. h3 g6 20. Ne4 Qc4
21. Qd2 b6 22. Qxh6 Qxc2 23. Rbc1 Qa4 24. Qf4 Rd7 25. Ng5 Bd5 26. Qg4 f5 27.
Qf4 Qxa3 28. Ne6 d3 29. Qd2 Qd6 30. Nf4 Bf7 31. Rc3 Nb4 32. g3 c5 33. Ng2 c4
34. Ne3 b5 35. Rb1 a6 36. Rxb4 Qxb4 37. Rxc4+ Qxc4 38. Nxc4 Bxc4 39. g4 fxg4
40. hxg4 Kb7 41. g5 a5 42. f4 a4 43. f5 gxf5 44. g6 a3 45. Qg2+ Kb6 46. Qd2 a2
47. Qd1 d2 48. Kf2 a1=Q 0-1